Statistics for 06-山形県の市町村クイズ

Click here to take the quiz!

General Stats

  • This quiz has been taken 485 times
    (162 since last reset)
  • The average score is 18 of 35

Answers on the Map

Answers color-coded by a green-red scale on the quiz's map according to % correct below.
 

Answer Stats

Answer% Correct
鶴岡つるおか
82%
酒田さかた
78%
遊佐ゆざまち
77%
山形やまがた
74%
米沢よねざわ
74%
天童てんどう
70%
小国おぐにまち
66%
新庄しんじょう
66%
尾花沢おばなざわ
60%
庄内しょうないまち
60%
真室川まむろがわまち
60%
上山かみのやま
58%
寒河江さがえ
58%
東根ひがしね
57%
南陽なんよう
56%
大石田おおいしだまち
55%
三川みかわまち
53%
高畠たかはたまち
51%
村山むらやま
51%
最上もがみまち
51%
鮭川さけがわむら
49%
長井ながい
49%
舟形ふながたまち
45%
河北かほくちょう
44%
飯豊いいでまち
43%
金山かねやままち
43%
大蔵おおくらむら
39%
西川にしかわまち
39%
山辺やまのべまち
38%
白鷹しらたかまち
36%
中山なかやままち
36%
大江おおえまち
35%
川西かわにしまち
32%
戸沢とざわむら
32%
朝日あさひまち
31%

Score Distribution

Percentile by Number Answered

Percent of People with Each Score

Your Score History

You have not taken this quiz since the last reset